Каталог продукции ОАО "Электрокабель" Кольчугинский завод (Запись № 190074)

Подробности
000 -МАРКЕР
контрольное поле 01017nam0a2200277 4500
001 - ИДЕНТИФИКАТОР ЗАПИСИ
контрольное поле RU\NLR\bibl\1243450
005 - ИДЕНТИФИКАТОР ВЕРСИИ
контрольное поле 20260407083125.0
021 ## - НОМЕР ГОСУДАРСТВЕННОЙ РЕГИСТРАЦИИ
Код страны Российская Федерация
Номер 2008-31617
Номер Листа государственной регистраци 1748
035 ## - ДРУГИЕ СИСТЕМНЫЕ НОМЕРА
Идентификатор записи (NLR Aleph) 001229617
100 ## - ДАННЫЕ ОБЩЕЙ ОБРАБОТКИ
Данные общей обработки 20080620d2008 |||y0rusy50 ca
101 0# - ЯЗЫК РЕСУРСА
Язык текста, звукозаписи и т.д. русский
102 ## - СТРАНА ПУБЛИКАЦИИ ИЛИ ПРОИЗВОДСТВА
Страна публикации Российская Федерация
105 ## - ПОЛЕ КОДИРОВАННЫХ ДАННЫХ: ТЕКСТОВЫЕ МАТЕРИАЛЫ, МОНОГРАФИЧЕСКИЕ
Кодированные данные о монографическом текстовом документе a |||||||||
200 1# - ЗАГЛАВИЕ И СВЕДЕНИЯ ОБ ОТВЕТСТВЕННОСТИ
Основное заглавие Каталог продукции ОАО "Электрокабель" Кольчугинский завод
205 ## - СВЕДЕНИЯ ОБ ИЗДАНИИ
Сведения об издании 5-е изд.
Дополнительные сведения об издании [ред. 2008 г.]
210 ## - ПУБЛИКАЦИЯ, РАСПРОСТРАНЕНИЕ И ДР.
Место издания, распространения и т.д. Владимир
Имя издателя, распространителя и т. д. Аркаим
Дата издания, распространения и т.д. 2008
215 ## - ФИЗИЧЕСКАЯ ХАРАКТЕРИСТИКА
Специфическое обозначение материала и объем 287 с.
Другие сведения о физической характеристике ил., цв. ил.
Размеры 29
606 1# - НАИМЕНОВАНИЕ ТЕМЫ КАК ПРЕДМЕТ
Наименование темы Кабели
Формальный подзаголовок Каталоги
Системный номер авторитетной/нормативной записи 1309263
Идентификатор авторитетной/нормативной записи RU\NLR\auth\66226255
686 ## - ИНДЕКСЫ ДРУГИХ КЛАССИФИКАЦИЙ
Индекс З232.32я87
710 02 - НАИМЕНОВАНИЕ ОРГАНИЗАЦИИ - ПЕРВИЧНАЯ ОТВЕТСТВЕННОСТЬ
Код отношения Автор
Начальный элемент ввода "Электрокабель" Кольчугинский завод", открытое акционерное общество
Идентификатор авторитетной/нормативной записи RU\NLR\AUTH\8810043971
Системный номер авторитетной/нормативной записи 587400
801 #0 - ИСТОЧНИК ЗАПИСИ
Страна Российская Федерация
Организация NLR
Дата составления 20050721
Правила каталогизации rcr
801 #1 - ИСТОЧНИК ЗАПИСИ
Страна Российская Федерация
Организация NLR
Дата составления 20050721
942 ## - ДОПОЛНИТЕЛЬНЫЕ ЭЛЕМЕНТЫ ЗАПИСИ (АБИС)
Тип экземпляра АБИС Книга
980 ## - КОЛЛЕКЦИЯ
Название коллекции Национальная библиография
Экземпляры
Тип экземпляра Дата поступления Источник поступления Библиотека постоянного хранения Библиотека текущего хранения Место хранения Шифр хранения Штрих-код Статус экземпляра
Книга 20.06.2008 Обязательный экземпляр РНБ (Московский) РНБ (Московский) Фонд нормативно-технических и технических документов Пт 2008-2/58 1-682795  
Книга 20.06.2008 Обязательный экземпляр РНБ (Московский) РНБ (Московский) Фонд нормативно-технических и технических документов, подручный Пт 2008-2/58 1-682796